00812nam a2200217 i 4500001000300000100001900003245012200022260003600144300003600180500003900216504005700255650003300312655003000345700002200375020001500397040000800412041000800420080002700428008004100455856009800496bg1 aLINOWSKA, Anna10aSprawozdawczość finansowa jednostek gospodarczych /cAnna Linowska, Anna Bagieńska ; Politechnika Białostocka. aBiałystok :bWydaw. PB,c2003. a238 s. :btab., wykr. ;c23 cm. aNa okł. błędny rok wyd.: 2004. aBibliogr. s. 234-236, wykaz aktów prawnych s. 233. 9aFinansexsprawozdawczość aPodręczniki akademickie1 aBAGIEŃSKA, Anna a8388229567 cBPK0 apol a657:658.14/.17](075.8) s pl f |000 0 pol  uhttp://koha.tu.koszalin.pl/cgi-bin/koha/opac-detail.pl?biblionumber=45536yKatalog online BPK